Biggest cities in Poland in 1931. - Statistics

General Stats
  • This quiz has been taken 113 times
  • The average score is 12 of 20
Answer Stats
# Population City % Correct
1. 1 178 914 Warsaw
99%
5. 221 260 Cracow
95%
2. 605 467 Łódź
91%
7. 127 044 Katowice
89%
3. 316 177 Lviv
89%
4. 246 698 Poznań
86%
10. 112 539 Lublin
77%
6. 196 383 Vilnius
77%
12. 91 335 Białystok
76%
9. 117 528 Bydgoszcz
64%
8. 117 588 Częstochowa
58%
14. 78 073 Radom
56%
19. 54 280 Toruń
56%
16. 58 397 Kielce
53%
11. 109 454 Sosnowiec
40%
18. 55 125 Kalisz
30%
13. 80 734 Królewska Huta
30%
20. 51 379 Przemyśl
26%
15. 60 256 Stanisławów
24%
17. 56 277 Włocławek
21%
No matching quizzes found
Score Distribution
Percent of People with Each Score
Percentile by Number Answered
Your Score History
You have not taken this quiz